|
|
|
|
| LEADER |
00000nam a2200000 a 4500 |
| 001 |
vtls009834224 |
| 003 |
SK-MaSNL |
| 005 |
20260302080917.0 |
| 008 |
090726s2005 xo f u 000 0 slo |
| 020 |
|
|
|c (cen. skup. 3)
|
| 035 |
|
|
|a (SVKBBclas03)vtls000297586
|
| 040 |
|
|
|a SNK
|b slo
|c SNK
|e AACR2
|
| 041 |
1 |
|
|a slo
|h eng
|
| 044 |
|
|
|a xo
|c SK
|
| 046 |
|
|
|a m
|m 20050401 (účin.)
|n 20060501 (zruš.)
|
| 072 |
|
7 |
|a 683
|x Železiarstvo. Zámočníctvo. Ohrievacie zariadenia
|2 konspekt
|
| 072 |
|
7 |
|a 64
|x Domáce hospodárstvo
|2 konspekt
|
| 080 |
|
|
|a 64.06
|2 2001
|
| 080 |
|
|
|a 683.957
|2 2001
|
| 080 |
|
|
|a 006.7/.8
|2 2001
|
| 080 |
|
|
|a (437.6)
|2 2001
|
| 080 |
|
|
|a (4)
|2 2001
|
| 084 |
|
|
|a 97.040.50
|2 ICS
|
| 130 |
0 |
|
|a STN 36 1055 (STN EN 60335-2-12/Z1) [neplatná]
|9 745732
|
| 245 |
1 |
0 |
|a STN EN 60335-2-12/Z1: 2005 (36 1055) [neplatná], Bezpečnosť elektrických spotrebičov pre domácnosť a na podobné účely
|n Časť 2-12
|p Osobitné požiadavky na ohrievacie platne a podobné spotrebiče. Zmena 1
|
| 246 |
1 |
0 |
|a Bezpečnosť elektrických spotrebičov pre domácnosť a na podobné účely
|
| 246 |
1 |
0 |
|a Osobitné požiadavky na ohrievacie platne a podobné spotrebiče
|
| 246 |
3 |
0 |
|a EN 60335-2-12/Z1: 2005 E
|
| 260 |
|
|
|a Bratislava
|b Slovenský ústav technickej normalizácie
|c 2005
|
| 300 |
|
|
|a 2 s.
|c 30 cm
|
| 500 |
|
|
|a Spracovateľ: INKO, Prešov, Iveta Vámošiová
|
| 500 |
|
|
|a [Norma je nahradená anglickou verziou normy STN EN 60334-2-12 z januára 2004 v celom rozsahu]
|
| 540 |
|
|
|a STN vydané na akomkoľvek nosiči sa môžu rozmnožovať a rozširovať iba so súhlasom určenej právnickej osoby
|b SÚTN Bratislava
|c zákon 264/1999 Z.z.
|
| 650 |
0 |
7 |
|a ohrievacie platne
|2 SVKBBPH
|9 476464
|
| 650 |
0 |
7 |
|a Elektrické sporáky
|2 SVKBBPH
|9 339138
|
| 650 |
0 |
7 |
|a technické normy a štandardy
|z Slovensko
|2 SNKPH
|9 79594
|
| 650 |
0 |
7 |
|a technické normy a štandardy
|z krajiny Európskej únie
|2 SNKPH
|9 289341
|
| 655 |
|
7 |
|a normy
|2 SNKPH
|9 70643
|
| 700 |
1 |
|
|a Vámošiová, Iveta
|4 trl
|9 86865
|
| 710 |
2 |
|
|a Slovenský ústav technickej normalizácie (Bratislava, Slovensko).
|b Technická komisia č. 10 Elektrické spotrebiče pre domácnosť a elektrické ručné náradie
|4 stn
|9 312135
|
| 710 |
2 |
|
|a INKO (Prešov, Slovensko)
|9 320448
|
| 999 |
|
|
|c 1174667
|d 1176597
|
| 952 |
|
|
|a SNK
|b SNK
|y PREZ
|7 0
|p 17A0522723
|o snkSTN EN 60335-2-12/Z1 D1
|i snk2006/19406
|8 0
|0 0
|1 0
|4 0
|d 2006-09-29
|l 0
|r 2026-02-24 21:18:22
|w 2026-02-24
|
| 952 |
|
|
|a SNK
|b SNK
|y PREZ
|7 0
|p 17A0522724
|o snkSTN EN 60335-2-12/Z1
|i snk2006/19405
|8 0
|0 0
|1 0
|4 0
|d 2006-09-29
|l 0
|r 2026-02-24 21:18:22
|w 2026-02-24
|